00397nam a2200109Ia 4500008004100000100002800041245006100069260006900130300001100199650000900210856006800219160712s9999 xx 000 0 und d aMonteseña, Francisco. cFrancisco MonteseñaaLalang, (Sa Hangin, Lupa, Parang) c2015bLikhaan: The Journal of Contemporary Philippine Literature avol. 9 xTULA uhttp://journals.upd.edu.ph/index.php/lik/issue/view/539/showToc